| 000 | 00772nam a22002417a 4500 | ||
|---|---|---|---|
| 999 |
_c170015 _d170015 |
||
| 005 | 20191210115432.0 | ||
| 010 | _aENG-127046 | ||
| 020 |
_c959.00 _a9789353062859 |
||
| 035 | _aEN-110578 | ||
| 037 | _bDBAD/PUB | ||
| 082 | _a005.432 | ||
| 245 |
_aUnix and linux system administration handbook / _cby Evi Nemeth ...[et al] |
||
| 260 |
_aNoida _bPearson India Education _c2020 |
||
| 270 |
_a15th Floor, Tower-B, World Trade Tower, Plot No.1, Block-C, Sector 16 _bNoida, Uttar Pradesh _e201301 _k044-66540100 |
||
| 300 |
_axlvi;1084 _c23cm(pbk) |
||
| 500 | _aIncludes index | ||
| 700 | _aNemeth, Evi | ||
| 700 | _aSnyder, Garth | ||
| 700 | _aHein, Trent R. | ||
| 700 | _aWhaley, Ben | ||
| 700 | _aMackin, Dan | ||
| 942 |
_2ddc _cEN _h005.432 _mUNI |
||